Feyenoord players (2010-2020) - Statistics

General Stats
  • This quiz has been taken 11 times
  • The average score is 34 of 110
Answer Stats
Rank Player Positions Nationality Matches Goals (assists) Period % Correct
2 Jens Toornstra AM 169 44 (41) 2014-2020
89%
25 Dirk Kuyt RW 63 31 (9) 2015-2017
78%
33 Ridgeciano Haps LB 48 2 (3) 2017-2020
78%
1 Tonny Vilhena CM 208 36 (23) 2011-2019
78%
10 Eric Botteghin CB 110 8 (4) 2015-2020
67%
3 Karim El Ahmadi DM 168 12 (14) 2010-2012, 2014-2018
67%
41 Robin van Persie ST 37 21 (6) 2017-2019
67%
20 Bilal Başaçıkoğlu LW 76 6 (13) 2014-2018
56%
23 Brad Jones GK 63 0 (0) 2016-2018
56%
14 Bruno Martins Indi CB 102 5 (3) 2010-2014
56%
39 Colin Kazım-Richards ST 38 12 (5) 2014-2016
56%
80 Edgar Ié CB 11 0 (0) 2019-2020
56%
11 Erwin Mulder GK 109 0 (0) 2010-2015
56%
45 Georginio Wijnaldum CM 34 14 (1) 2010-2011
56%
27 Graziano Pellè ST 57 50 (15) 2012-2014
56%
12 Jean-Paul Boëtius AM 109 24 (21) 2012-2015, 2017-2019
56%
59 John Guidetti ST 23 20 (6) 2011-2012
56%
4 Jordy Clasie DM 162 9 (25) 2011-2015, 2018-2019
56%
55 Justin Bijlow GK 26 0 (0) 2017-2020
56%
16 Kenneth Vermeer GK 99 0 (0) 2014-2017, 2018-2020
56%
56 Luis Sinisterra LW 26 5 (5) 2018-2020
56%
71 Marcos Senesi CB 16 1 (0) 2019-2020
56%
43 Mitchell Te Vrede ST 35 11 (0) 2012-2015
56%
18 Nicolai Jørgensen ST 95 43 (20) 2016-2020
56%
26 Ron Vlaar CB 60 2 (5) 2010-2012
56%
6 Stefan de Vrij CB 118 5 (3) 2010-2014
56%
7 Steven Berghuis RW 118 52 (39) 2016-2020
56%
62 André Bahia CB 20 2 (0) 2010-2011
44%
24 Daryl Janmaat RB 63 5 (9) 2012-2014
44%
17 Jan-Arie van der Heijden CB 97 4 (4) 2015-2020
44%
31 Jerson Cabral LW 52 8 (10) 2010-2013
44%
60 Kevin Diks RB 23 0 (4) 2017-2018
44%
73 Kostas Lamprou GK 14 0 (0) 2012-2014
44%
32 Leroy Fer DM 50 7 (5) 2010-2012, 2019-2020
44%
15 Lex Immers AM 100 31 (12) 2012-2016
44%
65 Lutsharel Geertruida RB 19 0 (0) 2018-2020
44%
5 Miquel Nelom LB 125 2 (7) 2011-2018
44%
40 Otman Bakkal AM 37 9 (8) 2011-2012, 2013-2014
44%
19 Rick Karsdorp RB 93 2 (19) 2014-2017, 2019-2020
44%
91 Róbert Boženík ST 5 2 (1) 2019-2020
44%
21 Sam Larsson AM 72 14 (16) 2017-2020
44%
61 Sofyan Amrabat DM 21 1 (2) 2017-2018
44%
8 Sven van Beek CB 116 3 (2) 2013-2016, 2017-2020
44%
13 Terence Kongolo CB 106 1 (6) 2011-2017
44%
36 Tyrell Malacia LB 40 3 (3) 2017-2020
44%
50 Wesley Verhoek RW 31 1 (4) 2012-2014
44%
87 Dani Fernández RB 6 0 (0) 2011-2012
33%
54 Guyon Fernandez ST 27 7 (2) 2011-2013
33%
104 Liam Kelly CM 1 0 (0) 2019-2020
33%
46 Luc Castaignos ST 34 15 (2) 2010-2011
33%
70 Luke Wilkshire RB 16 0 (3) 2014-2015
33%
30 Michiel Kramer ST 55 18 (6) 2015-2018
33%
88 Mohammed El Hankouri AM 6 0 (0) 2016-2017, 2018-2019
33%
35 Renato Tapia DM 45 2 (1) 2015-2020
33%
9 Ruben Schaken RW 113 15 (23) 2010-2015
33%
38 Ruud Vormer CM 39 3 (6) 2012-2015
33%
78 Ryo Miyaichi RW 12 3 (5) 2010-2011
33%
44 Sekou Cissé ST 35 9 (2) 2010-2014
33%
69 Simon Gustafson CM 17 3 (7) 2015-2017
33%
47 Anass Achahbar AM 33 6 (0) 2011-2013, 2014-2016
22%
74 Calvin Verdonk LB 13 1 (2) 2014-2015, 2018-2019
22%
53 Diego Biseswar AM 28 2 (10) 2010-2012
22%
58 Dylan Vente ST 23 4 (6) 2017-2020
22%
29 Eljero Elia LW 55 17 (12) 2015-2017
22%
49 Elvis Manu ST 32 8 (4) 2011-2012, 2013-2016
22%
84 Harmeet Singh CM 7 0 (0) 2012-2013
22%
51 John Goossens DM 30 3 (4) 2012-2014
22%
28 Joris Mathijsen CB 57 1 (3) 2012-2015
22%
42 Kamohelo Mokotjo DM 35 0 (3) 2010-2013
22%
22 Kelvin Leerdam RB 64 3 (9) 2010-2013
22%
72 Luciano Narsingh RW 15 2 (1) 2019-2020
22%
57 Marko Vejinović DM 25 0 (1) 2015-2017
22%
99 Nick Marsman GK 2 0 (0) 2019-2020
22%
90 Omar Elabdellaoui RB 5 0 (0) 2012-2013
22%
48 Orkun Kökçü CM 33 5 (8) 2018-2020
22%
66 Samuel Armenteros ST 19 1 (4) 2013-2014
22%
52 Tim de Cler LB 29 0 (3) 2010-2011
22%
34 Bart Nieuwkoop RB 45 0 (5) 2015-2019
11%
79 Cuco Martina CB 11 0 (0) 2018-2019
11%
94 Emil Hansson LW 3 0 (0) 2016-2018
11%
75 Gill Swerts RB 13 1 (0) 2010-2012
11%
37 Jeremiah St. Juste CB 39 5 (2) 2017-2020
11%
97 Joris Delle GK 2 0 (0) 2018-2019
11%
92 Naoufal Bannis ST 4 0 (1) 2019-2020
11%
100 Oğuzhan Özyakup CM 2 1 (0) 2019-2020
11%
109 Pär Hansson GK 1 0 (0) 2016-2017
11%
64 Ricky van Haaren CM 20 1 (1) 2010-2012
11%
68 Rob van Dijk GK 18 0 (0) 2010-2011
11%
86 Wouter Burger DM 7 0 (0) 2018-2020
11%
93 Adil Auassar CB 3 0 (0) 2010-2011
0%
101 Cheick Touré RB 1 0 (0) 2017-2018
0%
81 Fedor Smolov ST 11 1 (1) 2010-2011
0%
96 Gustavo Hamer LM 2 0 (0) 2016-2017
0%
102 Jari Schuurman AM 1 0 (0) 2015-2016
0%
95 Jhonny van Beukering ST 3 0 (0) 2010-2011
0%
103 Jordy van Deelen RB 1 0 (0) 2013-2014
0%
85 Kaj Ramsteijn CB 7 0 (0) 2011-2012
0%
77 Khalid Boulahrouz CB 12 0 (2) 2014-2015
0%
83 Krisztián Simon RW 8 0 (0) 2010-2011
0%
82 Lucas Woudenberg CB 10 0 (0) 2014-2015, 2016-2017
0%
63 Luigi Bruins CM 20 2 (4) 2010-2011
0%
76 Marcel Meeuwis DM 13 0 (1) 2010-2011
0%
105 Marouan Azarkan RW 1 0 (0) 2019-2020
0%
106 Mats van Huijgevoort CB 1 0 (0) 2011-2012
0%
107 Matthew Steenvoorden CB 1 0 (0) 2014-2015
0%
98 Michael Lumb LB 2 0 (0) 2010-2011
0%
108 Nigel Robertha ST 1 0 (0) 2015-2016
0%
110 Ronald Graafland GK 1 0 (0) 2013-2014
0%
89 Søren Larsen ST 6 0 (0) 2010-2011
0%
67 Yassin Ayoub CM 19 2 (3) 2018-2020
0%
No matching quizzes found
Score Distribution
Percent of People with Each Score
Percentile by Number Answered
Your Score History
You have not taken this quiz